[Event "Pan American-ch School U17 12th"]
[Site "Callao"]
[Date "2023.10.19"]
[Round "6"]
[White "Blengeri Gutierrez, Giorgio Daniel"]
[Black "Ochoa Rodriguez, Adriel Miguel"]
[Result "1-0"]
[WhiteElo "1044"]
[BlackElo "1205"]
[PlyCount "103"]
[EventDate "2023.10.16"]
[EventType "swiss"]
[EventRounds "9"]
[EventCountry "PER"]
[SourceTitle "Mega2024 Update 01"]
[Source "Chessbase"]
[SourceDate "2023.11.12"]
[SourceVersion "1"]
[SourceVersionDate "2023.11.12"]
[SourceQuality "1"]

1. e4 e5 2. Nf3 Nc6 3. Bc4 Bc5 4. 0-0 d6 5. c3 Bg4 6. h3 Bh5 7. Be2 a6 8. d4 Bxf3 9. dxc5 Bxe2 10. Qxe2 Qh4 11. cxd6 cxd6 12. Qg4 Qxg4 13. hxg4 h5 14. g5 Nge7 15. Be3 f5 16. gxf6 gxf6 17. Nd2 0-0-0 18. Rad1 d5 19. exd5 Nxd5 20. Nc4 Nxe3 21. Nxe3 Ne7 22. Rxd8+ Rxd8 23. Rd1 Rg8 24. Nd5 Nxd5 25. Rxd5 Kc7 26. f4 Kc6 27. c4 Re8 28. Kf2 b5 29. b3 bxc4 30. bxc4 h4 31. Kf3 Re6 32. a4 Rd6 33. Ke4 exf4 34. Rh5 Rd2 35. Rxh4 Kc5 36. Kf3 Ra2 37. Rxf4 Rxa4 38. Rxf6 a5 39. Ra6 Kxc4 40. g4 Kb5 41. Ra8 Rc4 42. g5 a4 43. g6 Rc6 44. g7 Rg6 45. g8Q Rxg8 46. Rxg8 Kc4 47. Ke3 a3 48. Rc8+ Kb3 49. Kd3 a2 50. Rb8+ Ka3 51. Kc2 a1N+ 52. Kc3 1-0

[Event "Pan American-ch School U17 12th"]
[Site "Callao"]
[Date "2023.10.17"]
[Round "3"]
[White "Alvarez Serpa, Diego Sebastian"]
[Black "Blengeri Gutierrez, Giorgio Daniel"]
[Result "1/2-1/2"]
[WhiteElo "1067"]
[BlackElo "1044"]
[PlyCount "157"]
[EventDate "2023.10.16"]
[EventType "swiss"]
[EventRounds "9"]
[EventCountry "PER"]
[SourceTitle "Mega2024 Update 01"]
[Source "Chessbase"]
[SourceDate "2023.11.12"]
[SourceVersion "1"]
[SourceVersionDate "2023.11.12"]
[SourceQuality "1"]

1. d4 e6 2. Nf3 b6 3. e3 Bb7 4. Bd3 f5 5. 0-0 Nf6 6. Nbd2 d6 7. Qe2 Nbd7 8. e4 fxe4 9. Nxe4 Be7 10. Neg5 Nf8 11. Nxe6 Nxe6 12. Qxe6 Bxf3 13. gxf3 Qd7 14. Re1 Qxe6 15. Rxe6 Kf7 16. Re3 Nd5 17. Bc4 c6 18. Bd2 Bg5 19. Re2 Bxd2 20. Rxd2 Rhe8 21. Kf1 Kf6 22. Bxd5 cxd5 23. Rdd1 Rac8 24. c3 b5 25. Re1 Rf8 26. Re3 Rc6 27. Rae1 Rfc8 28. Re7 R8c7 29. Re8 b4 30. cxb4 Rc4 31. R8e6+ Kf5 32. Rxd6 Rxd4 33. a3 Rd2 34. Rd8 Rcc2 35. Rd7 Rxf2+ 36. Kg1 Rg2+ 37. Kh1 Rxh2+ 38. Kg1 Rcg2+ 39. Kf1 Rd2 40. Rxg7 Rh1+ 41. Rg1 Rxg1+ 42. Kxg1 Kf4 43. Rf1 Kg3 44. f4 Rg2+ 45. Kh1 Rh2+ 46. Kg1 Rh6 47. Rf2 d4 48. Rd2 Rd6 49. f5 Kf3 50. f6 Ke3 51. f7 Rd8 52. Rf2 Rf8 53. Kf1 d3 54. Ke1 h5 55. Rf6 h4 56. Re6+ Kf4 57. Kd2 Rxf7 58. Kxd3 Rh7 59. Re4+ Kf5 60. Re2 h3 61. Rh2 Kg4 62. a4 Kg3 63. Rh1 Kg2 64. Rc1 Rf7 65. b5 h2 66. a5 h1Q 67. Rxh1 Kxh1 68. b6 axb6 69. axb6 Rb7 70. b4 Rxb6 71. Kc4 Kg2 72. Kc5 Rh6 73. b5 Kf3 74. b6 Ke4 75. b7 Rh5+ 76. Kb6 Rh8 77. Ka7 Kd5 78. b8Q Rxb8 79. Kxb8 1/2-1/2